[Event "Cambridge op 3rd"]
[Site "Cambridge"]
[Date "2025.05.28"]
[Round "4"]
[White "Vaidyanathan, Adithya"]
[Black "Prince, Alan R"]
[Result "1-0"]
[WhiteElo "2137"]
[BlackElo "1803"]
[PlyCount "81"]
[EventDate "2025.05.26"]
[EventType "tourn"]
[EventRounds "9"]
[EventCountry "ENG"]
[SourceTitle "CB23_2025"]
[SourceDate "2025.06.04"]
[SourceVersion "1"]
[SourceVersionDate "2025.06.04"]
[SourceQuality "1"]

1. d4 Nf6 2. Nf3 g6 3. c4 Bg7 4. Nc3 d6 5. e4 0-0 6. h3 e5 7. Be3 exd4 8. Nxd4 Re8 9. Bd3 Nbd7 10. 0-0 Nc5 11. f3 Nh5 12. Nde2 Qh4 13. Qd2 Qe7 14. Bc2 Be6 15. b3 a5 16. Rad1 b6 17. f4 f5 18. Rf3 fxe4 19. Nxe4 Bxc4 20. Bxc5 Bxe2 21. Bxd6 cxd6 22. Qxe2 Nf6 23. Qc4+ Qe6 24. Nxd6 Qxc4 25. Nxc4 Re2 26. Rf2 Rxf2 27. Kxf2 Rc8 28. Bb1 Bf8 29. Kf3 Bc5 30. a4 Re8 31. g4 Re7 32. Bc2 Nd7 33. h4 Kg7 34. g5 Nb8 35. Be4 Na6 36. h5 Nc7 37. hxg6 hxg6 38. Ne5 Ne6 39. Nxg6 Rf7 40. Kg4 Nd4 41. f5 1-0

[Event "Harrogate 4NCL op-B 27th"]
[Site "Harrogate"]
[Date "2022.01.22"]
[Round "2"]
[White "Carmichael, Ned"]
[Black "Prince, Alan R"]
[Result "1/2-1/2"]
[WhiteElo "1863"]
[BlackElo "1725"]
[PlyCount "51"]
[EventDate "2022.01.21"]
[EventType "swiss"]
[EventRounds "5"]
[EventCountry "ENG"]
[SourceTitle "CBM 206 Extra"]
[Source "ChessBase"]
[SourceDate "2022.03.31"]
[SourceVersion "1"]
[SourceVersionDate "2022.03.31"]
[SourceQuality "1"]

1. c4 g6 2. Nc3 Bg7 3. g3 e5 4. Bg2 d6 5. e3 c6 6. Nge2 Nd7 7. d4 Ne7 8. 0-0 f5 9. b3 e4 10. Ba3 Nf6 11. Rc1 d5 12. cxd5 Nexd5 13. Na4 Bf8 14. Bxf8 Kxf8 15. Qd2 Kf7 16. Nb2 Qe7 17. Nc4 Re8 18. f3 Kg7 19. fxe4 Nxe4 20. Bxe4 Qxe4 21. Nc3 Nxc3 22. Rxc3 Qe7 23. Ne5 Be6 24. Rc5 Bd5 25. Qc2 Rad8 26. Qd2 1/2-1/2

[Event "London Classic op U1825 11th"]
[Site "London"]
[Date "2019.11.30"]
[Round "2"]
[White "Saunders, Aron"]
[Black "Prince, Alan R"]
[Result "1-0"]
[WhiteElo "1428"]
[BlackElo "1747"]
[PlyCount "41"]
[EventDate "2019.11.29"]
[EventType "swiss"]
[EventRounds "5"]
[EventCountry "ENG"]
[SourceTitle "CBM 195 Extra"]
[Source "ChessBase"]
[SourceDate "2020.05.31"]
[SourceVersion "1"]
[SourceVersionDate "2020.05.31"]
[SourceQuality "1"]

1. e4 e5 2. Nf3 Nf6 3. Nxe5 d6 4. Nf3 Nxe4 5. d4 d5 6. Bd3 Bd6 7. c4 c6 8. 0-0 0-0 9. Qc2 f5 10. Nc3 Nxc3 11. bxc3 Na6 12. Re1 Bd7 13. Rb1 Rb8 14. Bg5 Qc8 15. c5 Bc7 16. Ne5 Be6 17. f4 Bd8 18. Bxd8 Rxd8 19. Bxa6 bxa6 20. Rxb8 Qxb8 21. Nxc6 1-0